| 000 | 00390cam a2200145 i 4500 | ||
|---|---|---|---|
| 020 | _a0194513556 : | ||
| 040 | _cDLC | ||
| 082 | 0 | 0 | _a428 OXF 1979 A022 Or. |
| 245 | 0 | 0 | _aDiscovering discourse. |
| 260 |
_aOxford [Eng.] ; _aNew York : _bOxford University Press, _c1979. |
||
| 300 |
_a108 p. : _bill. ; _c25 cm. |
||
| 650 | 0 | _aEnglish language | |
| 650 | 0 | _aReading comprehension. | |
| 942 | _cEK | ||
| 999 |
_c12046 _d12046 |
||